000
00336nam a2200133Ia 4500
008
240624s9999 xx 000 0 und d
041
_a
eng
082
_a
828 GAN
100
_a
GANDHI
245
_a
HEALTHY LIVING ACCORDING TO GANDHI
260
_c
2014
_a
New Delhi
_b
Orient Publishing
300
_a
160 : p. : cm. ; 26
365
_c
RS
_b
25
999
_c
23682
_d
23682